| 000 | 00837nam a22002177a 4500 | ||
|---|---|---|---|
| 999 |
_c12693 _d12693 |
||
| 003 | AR-CdUCM | ||
| 008 | 190409b ||||| |||| 00| 0 spa d | ||
| 040 |
_aMUNICIPALIDAD PROVINCIAL DEL CUSCO _cBIBLIOTECA MUNICIPAL DEL CUSCO |
||
| 082 |
_aC / 348.341 / _bP19 |
||
| 100 |
_aPalacio, Gustavo G. _930688 |
||
| 245 | _aEl Laudo arbitral de La Brea y Pariña : | ||
| 260 |
_aCusco : _bGarcilaso, _c1964. |
||
| 300 |
_a26 páginas ; _c21 cm. |
||
| 505 | _aContenido: Transferencias sucesivas -- Se ordena una nueva mensura de la brea y pariñas -- Se propone una transacción -- Compromiso arbitral de 27 de Agosto de 1921 --El laudo ... | ||
| 650 |
_aPetróleo _91700 |
||
| 650 |
_aPolítica económica (Petróleo) _930689 |
||
| 650 |
_aJurisprudencia _9927 |
||
| 650 |
_aPerú _935 |
||
| 942 |
_2ddc _cLIBROS |
||
| 945 |
_aachl _d2019-04-09 |
||